Introducción al calculo en administración y ciencias sociales / (Registro nro. 14922)

Detalles MARC
000 -LEADER
fixed length control field 01102nam a2200241Ia 4500
003 - CONTROL NUMBER IDENTIFIER
control field OSt
005 - DATE AND TIME OF LATEST TRANSACTION
control field 20221209083250.0
008 - FIXED-LENGTH DATA ELEMENTS--GENERAL INFORMATION
fixed length control field 210310s1976 mx fr 001 0 spa d
020 ## - INTERNATIONAL STANDARD BOOK NUMBER
International Standard Book Number 9681806891
040 ## - CATALOGING SOURCE
Original cataloging agency CO-JMCR
Transcribing agency CO-JMCR
041 1# - LANGUAGE CODE
Language code of text/sound track or separate title spa
Language code of original eng
082 04 - DEWEY DECIMAL CLASSIFICATION NUMBER
Edition number 23
Classification number 517 /
Item number W573i
100 1# - MAIN ENTRY--PERSONAL NAME
Personal name Whipkey, Kennetk L.,
9 (RLIN) 34822
Relator term autor
245 10 - TITLE STATEMENT
Title Introducción al calculo en administración y ciencias sociales /
Statement of responsibility, etc. Kenneth L. Whipkey, Mary Nell Whipkey
260 ## - PUBLICATION, DISTRIBUTION, ETC.
Place of publication, distribution, etc. México :
Name of publisher, distributor, etc. Limusa,
Date of publication, distribution, etc. 1979
300 ## - PHYSICAL DESCRIPTION
Extent 329 páginas ;
Dimensions 24 cm
500 ## - GENERAL NOTE
General note Título original: The power of calculus
500 ## - GENERAL NOTE
General note Incluye índice alfabético
505 0# - FORMATTED CONTENTS NOTE
Formatted contents note Repaso y preparación para el estudio del cálculo -- Funciones, desigualdad y valor absoluto -- Límites, derivadas y continuidad -- Técnicas de diferenciación -- Aplicaciones de la derivada -- Integración -- Funciones logarítmicas y exponenciales; repaso de las grandes ideas del cálculo -- Derivadas parciales y sus aplicaciones
650 14 - SUBJECT ADDED ENTRY--TOPICAL TERM
Topical term or geographic name entry element Matemática financiera
9 (RLIN) 34824
700 1# - ADDED ENTRY--PERSONAL NAME
Personal name Whipkey, Mary Nell,
Relator term autora
9 (RLIN) 42489
942 ## - ADDED ENTRY ELEMENTS (KOHA)
Source of classification or shelving scheme Dewey Decimal Classification
Koha item type Books
Existencias
Withdrawn status Lost status Source of classification or shelving scheme Damaged status Not for loan Home library Current library Date acquired Full call number Barcode Date last seen Copy number Price effective from Koha item type
    Dewey Decimal Classification     Biblioteca Pública José María del Castillo y Rada Biblioteca Pública José María del Castillo y Rada 03/10/2021 517 / W573i 201811723 05/16/2024 Ej.1 03/10/2021 Books